Realidad y visión investigativa social-reflexiva del mundo: entre la utopía y lo real más allá de lo pensable /

Պահպանված է:
Մատենագիտական մանրամասներ
Հիմնական հեղինակ: Jaillier Castrillón, Erika
Ձևաչափ: Տեքստ
Ցուցիչներ: Ավելացրեք ցուցիչ
Չկան պիտակներ, Եղեք առաջինը, ով նշում է այս գրառումը!

MARC

LEADER 00000 a a2200000 04500
001 10124
003
040
100 |a Jaillier Castrillón, Erika  
245 |a Realidad y visión investigativa social-reflexiva del mundo:   |b entre la utopía y lo real más allá de lo pensable /  |c Erika Jaillier Castrillón 
773 |g número 18; páginas 64-70  
999 |c 33603  |d 33603